[Event "Bad Breisig op"]
[Site "?"]
[Date "2001.??.??"]
[Round "6"]
[White "Meyer, Marco"]
[Black "Weisshaupt, Rainer"]
[Result "0-1"]
[WhiteElo "1602"]
[BlackElo "2183"]
[Annotator "ChessOrg"]
[PlyCount "98"]

1. Nf3 b5 2. g3 Bb7 3. Bg2 Nf6 4. O-O e6 5. d3 c5 6. Nbd2 d6 7. e4 Nbd7 8. Re1
Be7 9. Nf1 O-O 10. h4 Ng4 11. Ng5 Ndf6 12. f4 e5 13. Bh3 Bc8 14. f5 h5 15. Bxg4
Nxg4 16. Nh2 Nf6 17. Kh1 d5 18. Qe2 g6 19. g4 Kg7 20. Rg1 Rh8 21. Ngf3 hxg4 22.
Nxe5 dxe4 23. dxe4 Bb7 24. Rd1 Nxe4 25. Kg1 Bd6 26. Bf4 Qxh4 27. Rxd6 Nxd6 28.
Nxg6 fxg6 29. f6+ Kxf6 30. Be5+ Kf7 31. Bxd6 Rae8 32. Rf1+ Bf3 33. Qxb5 Re1 34.
Qc4+ Re6 35. Qxc5 Rhe8 36. Nxf3 gxf3 37. Rxf3+ Kg8 38. Rd3 Rxd6 39. Qb5 Qg4+
40. Kf2 Rf8+ 41. Ke1 Rxd3 42. cxd3 Qe6+ 43. Kd2 Rf2+ 44. Kc3 Qf6+ 45. d4 a6 46.
Qe8+ Kg7 47. Qd7+ Qf7 48. Qa4 Qc7+ 49. Kb3 Qc2+ 0-1

[Event "Bad Breisig op"]
[Site "?"]
[Date "2001.??.??"]
[Round "6"]
[White "Reimann, Guenther"]
[Black "Kirchgessner, Hans"]
[Result "1/2-1/2"]
[WhiteElo "1827"]
[BlackElo "1801"]
[Annotator "ChessOrg"]
[PlyCount "83"]

1. c4 f5 2. Nc3 Nf6 3. g3 e6 4. d3 Be7 5. Bg2 c6 6. Nf3 O-O 7. O-O d6 8. Qc2
Na6 9. a3 Bd7 10. b3 Rc8 11. Bd2 Ne8 12. Ne1 Qc7 13. f4 Nf6 14. h3 Kh8 15. Nf3
Qd8 16. Kh2 Qe8 17. Rh1 Nh5 18. e3 Qg6 19. Ne2 c5 20. Raf1 Bc6 21. Be1 Nb8 22.
Rfg1 Nd7 23. Nh4 Qh6 24. Bxc6 Rxc6 25. Nf3 e5 26. Kg2 g5 27. fxg5 Bxg5 28. Nxg5
Qxg5 29. Bf2 f4 30. exf4 exf4 31. Kh2 Ne5 32. Qc3 Ng7 33. d4 fxg3+ 34. Bxg3
Nf3+ 35. Kg2 Nxg1 36. Rxg1 Rcc8 37. Kh2 Qf6 38. Qd3 Rce8 39. dxc5 dxc5 40. Nf4
Qd4 41. Qf3 Re4 42. Ng6+ 1/2-1/2

[Event "Bad Breisig op"]
[Site "?"]
[Date "2001.??.??"]
[Round "6"]
[White "Auf'm Wasser, Guenter"]
[Black "Schild, Willi"]
[Result "0-1"]
[WhiteElo "1693"]
[BlackElo "2237"]
[Annotator "ChessOrg"]
[PlyCount "64"]

1. d4 e5 2. e4 Nf6 3. Bg5 Be7 4. Bd3 exd4 5. Nf3 Nc6 6. O-O d5 7. e5 Nd7 8.
Bxe7 Qxe7 9. Re1 O-O 10. Nxd4 Nc5 11. Nxc6 bxc6 12. Bf1 Bf5 13. c3 Rab8 14. b4
Ne6 15. Nd2 f6 16. Nf3 Bg4 17. h3 Bxf3 18. gxf3 Nf4 19. Qd4 fxe5 20. Qxe5 Qf7
21. Qg5 Rbe8 22. Kh2 Re6 23. Re3 h6 24. Qh4 Rf6 25. Rae1 Ng6 26. Qg4 Rxf3 27.
Rxf3 Qxf3 28. Qe6+ Kh7 29. Qe2 Qxf2+ 30. Bg2 Nh4 31. Qd3+ Kh8 32. Qg3 Nf3+ 0-1

[Event "Bad Breisig op"]
[Site "?"]
[Date "2001.??.??"]
[Round "6"]
[White "Karwatzki, Hans-Juergen"]
[Black "Wempe, Moritz"]
[Result "1-0"]
[WhiteElo "1557"]
[BlackElo "1176"]
[Annotator "ChessOrg"]
[PlyCount "120"]

1. e4 d5 2. exd5 Qxd5 3. Nc3 Qa5 4. d4 Nf6 5. Nf3 c6 6. Bd3 Qc7 7. Bg5 Rg8 8.
Qd2 h6 9. Bh4 g5 10. Bg3 Qd8 11. O-O-O Bg4 12. Rde1 h5 13. Be5 Bg7 14. Bc4 b5
15. Bb3 Nbd7 16. Nxg5 Bh6 17. Bxf7+ Kf8 18. Bxg8 Kxg8 19. Qd3 Bxg5+ 20. f4 Nxe5
21. dxe5 Bxf4+ 22. Kb1 Qxd3 23. cxd3 Bd2 24. exf6 Bxe1 25. Rxe1 exf6 26. Re7
Bf5 27. Ne4 Kf8 28. Rc7 Bxe4 29. dxe4 Re8 30. Rxc6 Rxe4 31. Rxf6+ Kg7 32. Rf2
Re1+ 33. Kc2 Rh1 34. h3 Kg6 35. Kd2 Rg1 36. a3 Rb1 37. Ke3 Re1+ 38. Re2 Rxe2+
39. Kxe2 Kf5 40. Kf3 h4 41. g3 hxg3 42. Kxg3 Kg5 43. Kf3 a5 44. Ke4 b4 45. a4
Kh4 46. Kd4 Kxh3 47. Kc4 Kg4 48. Kb5 Kf5 49. Kxa5 b3 50. Kb4 Ke6 51. Kxb3 Kd6
52. Kb4 Kc6 53. Ka5 Kb7 54. Kb5 Ka7 55. a5 Kb7 56. a6+ Kb8 57. b4 Ka8 58. Kc6
Ka7 59. b5 Kb8 60. b6 Ka8 1-0

[Event "Bad Breisig op"]
[Site "?"]
[Date "2001.??.??"]
[Round "7"]
[White "Boidman, Yuri"]
[Black "Reinke, Kurt"]
[Result "1-0"]
[WhiteElo "2434"]
[BlackElo "1828"]
[Annotator "ChessOrg"]
[PlyCount "77"]

1. e4 c5 2. Nf3 d6 3. d4 cxd4 4. Qxd4 Nc6 5. Bb5 Bd7 6. Bxc6 Bxc6 7. Nc3 Nf6 8.
Bg5 e6 9. O-O-O Be7 10. Qd3 O-O 11. Nd4 a6 12. f4 h6 13. h4 Qc7 14. Kb1 Rfd8
15. f5 e5 16. Bxf6 Bxf6 17. Nf3 Rac8 18. g4 d5 19. Nxd5 Bxd5 20. exd5 Qb6 21.
Qb3 Qxb3 22. axb3 e4 23. Nd2 Rxd5 24. Nxe4 Rxd1+ 25. Rxd1 Bxh4 26. Rd7 Rd8 27.
Rxb7 Rd4 28. Rb8+ Kh7 29. Re8 Rd1+ 30. Ka2 Rg1 31. c4 Rxg4 32. c5 Rg2 33. c6
Rc2 34. Nc3 Bg3 35. Re7 h5 36. Rxf7 Be5 37. c7 Bxc3 38. c8=Q Rxb2+ 39. Ka3 1-0

[Event "Bad Breisig op"]
[Site "?"]
[Date "2001.??.??"]
[Round "7"]
[White "Wempe, Juergen"]
[Black "Rehm, Ulrich"]
[Result "1/2-1/2"]
[WhiteElo "2177"]
[BlackElo "1992"]
[Annotator "ChessOrg"]
[PlyCount "27"]

1. d4 Nf6 2. Nf3 g6 3. Bf4 Bg7 4. Nbd2 c5 5. e3 b6 6. Ne5 O-O 7. Qf3 d5 8. Be2
Bf5 9. c3 Ne4 10. Nxe4 Bxe4 11. Qg3 Qc8 12. Nd3 c4 13. Ne5 Nc6 14. Bg4 1/2-1/2

[Event "Bad Breisig op"]
[Site "?"]
[Date "2001.??.??"]
[Round "7"]
[White "Zaschke, Benjamin"]
[Black "Gerndorf, Michael"]
[Result "1-0"]
[WhiteElo "2041"]
[BlackElo "1976"]
[Annotator "ChessOrg"]
[PlyCount "153"]

1. d4 d5 2. Nf3 Nf6 3. c4 c6 4. Nc3 dxc4 5. a4 Bg4 6. Ne5 Bh5 7. Nxc4 Nfd7 8.
Qb3 Nb6 9. e4 N8d7 10. Be3 e6 11. a5 Nxc4 12. Bxc4 b6 13. axb6 axb6 14. O-O Be7
15. d5 exd5 16. exd5 Rxa1 17. Rxa1 cxd5 18. Nxd5 Bc5 19. Ra8 Qxa8 20. Nc7+ Ke7
21. Nxa8 Rxa8 22. h3 Ra1+ 23. Kh2 Bd6+ 24. g3 Bd1 25. Qc3 Ne5 26. Bd5 Bf3 27.
Bg5+ f6 28. Bxf3 fxg5 29. Be4 g6 30. Qd4 b5 31. Qb6 b4 32. Qb7+ Kf6 33. Qd5 Ke7
34. Qg8 Re1 35. Bd5 Kd7 36. Qxh7+ Kd8 37. Qa7 Rd1 38. Kg2 Rd2 39. b3 Nd3 40.
Qa8+ Ke7 41. Qb7+ Kd8 42. Qb6+ Bc7 43. Qxg6 Bf4 44. Qg8+ Kc7 45. Qf7+ Kd6 46.
Qe6+ Kc5 47. Qc6+ Kd4 48. Qc4+ Ke5 49. Qe4+ Kd6 50. gxf4 Nxf4+ 51. Kf3 Nxd5 52.
Qg6+ Kc5 53. Qa6 Kd4 54. Qc4+ Ke5 55. Kg3 Rd4 56. Qe2+ Kf5 57. Qc2+ Kf6 58.
Qc6+ Kf5 59. Qd7+ Kf6 60. Qd6+ Kf5 61. Qf8+ Kg6 62. Qg8+ Kf5 63. Qh7+ Ke6 64.
Qg6+ Nf6 65. f3 Rd5 66. Qc2 Nh5+ 67. Kf2 Nf4 68. Qc4 Ke5 69. Qe4+ Kf6 70. h4
Rd2+ 71. Ke1 Rd5 72. hxg5+ Kxg5 73. Qe7+ Kf5 74. Qf7+ Kg5 75. Qg7+ Ng6 76. f4+
Kxf4 77. Qxg6 1-0

[Event "Bad Breisig op"]
[Site "?"]
[Date "2001.??.??"]
[Round "7"]
[White "Noras, Peter"]
[Black "Woeltge, Carsten"]
[Result "0-1"]
[WhiteElo "1699"]
[BlackElo "1933"]
[Annotator "ChessOrg"]
[PlyCount "83"]

1. Nf3 g6 2. g3 Bg7 3. Bg2 e5 4. d3 c5 5. c4 Nc6 6. Nc3 Nge7 7. O-O O-O 8. Bd2
h6 9. a3 f5 10. Rb1 a5 11. Qc2 g5 12. h3 d6 13. Nb5 Be6 14. Qc1 Qd7 15. Nh2 f4
16. g4 Ng6 17. Nc3 Nh4 18. Bd5 Nd4 19. Qd1 h5 20. f3 hxg4 21. Nxg4 Kh8 22. Bxe6
Qxe6 23. Ne4 Qg6 24. Kf2 Rf7 25. Rh1 Bf8 26. b4 axb4 27. axb4 cxb4 28. Bxb4
Nhf5 29. Ra1 Rxa1 30. Qxa1 Qh5 31. Kf1 Nc2 32. Qb1 Nxb4 33. Qxb4 d5 34. Nef6
Ng3+ 35. Kg2 Qh4 36. Nxe5 Bxb4 37. Ng6+ Kg7 38. Nxh4 Nxh1 39. Nxd5 Ng3 40. Nxb4
gxh4 41. Nd5 Nxe2 42. Kf2 0-1

[Event "Bad Breisig op"]
[Site "?"]
[Date "2001.??.??"]
[Round "7"]
[White "Noettger, Eckard"]
[Black "Gerhards, Walter"]
[Result "0-1"]
[WhiteElo "1780"]
[BlackElo "1834"]
[Annotator "ChessOrg"]
[PlyCount "90"]

1. d4 c5 2. e3 e6 3. Nf3 Nc6 4. c3 Nf6 5. Bd3 Be7 6. O-O d5 7. Nbd2 O-O 8. dxc5
Bxc5 9. e4 dxe4 10. Nxe4 Nxe4 11. Bxe4 Qb6 12. Qe2 f6 13. b4 Bd6 14. Be3 Qc7
15. Rad1 Rd8 16. h3 f5 17. Bc2 Ne7 18. Bb3 Nd5 19. Bxd5 exd5 20. Qd3 Kh8 21.
Nd4 Qf7 22. Nb5 Bb8 23. Bg5 Re8 24. Qxd5 Be6 25. Qd2 Bc4 26. Bf4 Bxb5 27. Rfe1
Bxf4 28. Qxf4 Rad8 29. Rxd8 Rxd8 30. Re5 Bd3 31. Qe3 f4 32. Qf3 h6 33. g4 Qf6
34. Rc5 b6 35. Rc7 Qe5 36. Rf7 g5 37. c4 Qe1+ 38. Kh2 Be4 39. Re7 Bxf3 40. Rxe1
Rd2 41. Kg1 Rd1 42. Rxd1 Bxd1 43. Kg2 f3+ 44. Kf1 Be2+ 45. Ke1 Bxc4 0-1

[Event "Bad Breisig op"]
[Site "?"]
[Date "2001.??.??"]
[Round "7"]
[White "Weber, Gerhard"]
[Black "Becher, Helmut"]
[Result "0-1"]
[WhiteElo "2130"]
[BlackElo "2207"]
[Annotator "ChessOrg"]
[PlyCount "116"]

1. e4 c5 2. Nf3 Nf6 3. e5 Nd5 4. c4 Nc7 5. d4 cxd4 6. Nxd4 Nc6 7. Nxc6 bxc6 8.
Nc3 g6 9. Be2 Bg7 10. f4 O-O 11. O-O d6 12. exd6 Qxd6 13. Be3 Qb4 14. Qb3 a5
15. Na4 Ne6 16. Nb6 Rb8 17. Nxc8 Rfxc8 18. Rfb1 a4 19. Qxb4 Rxb4 20. a3 Rxb2
21. Rxb2 Bxb2 22. Ra2 Bd4 23. Kf2 c5 24. Bd1 Ra8 25. Kf3 f5 26. g3 Kf7 27. Kf2
Kf6 28. Bf3 Ra6 29. Ke2 Rb6 30. Bd5 Rb3 31. Bf2 Bxf2 32. Kxf2 Nd4 33. h4 e5 34.
fxe5+ Kxe5 35. Bg8 h6 36. Bf7 Rc3 37. Bxg6 Kf6 38. Be8 Rxc4 39. Rb2 Rc2+ 40.
Rxc2 Nxc2 41. Bxa4 Nxa3 42. Ke3 Nc4+ 43. Kf4 Nb6 44. Bc2 Nd5+ 45. Kf3 c4 46.
Ba4 Ke5 47. g4 fxg4+ 48. Kxg4 Kf6 49. Kf3 Kg6 50. Be8+ Kf5 51. Bd7+ Ke5 52. Be8
c3 53. Ke2 Kd4 54. Ba4 Nf4+ 55. Kf3 Ne6 56. Bc2 h5 57. Bf5 Ke5 58. Bg6 c2 0-1

[Event "Bad Breisig op"]
[Site "?"]
[Date "2001.??.??"]
[Round "7"]
[White "Weisshaupt, Rainer"]
[Black "Moerger, Karl-Heinz"]
[Result "1/2-1/2"]
[WhiteElo "2183"]
[BlackElo "1790"]
[Annotator "ChessOrg"]
[PlyCount "36"]

1. Nc3 d5 2. e4 d4 3. Nce2 e5 4. Ng3 c5 5. Bc4 g6 6. h4 Nf6 7. d3 a6 8. a4 Nc6
9. h5 h6 10. hxg6 fxg6 11. c3 Qe7 12. Nf3 Bg4 13. a5 Be6 14. Bxe6 Qxe6 15. c4
Bg7 16. Nh4 Kf7 17. Bd2 Rab8 18. Qb3 Ng4 1/2-1/2

[Event "Bad Breisig op"]
[Site "?"]
[Date "2001.??.??"]
[Round "7"]
[White "Schwertel, Johann"]
[Black "Meyer, Lars"]
[Result "1/2-1/2"]
[WhiteElo "1875"]
[BlackElo "1696"]
[Annotator "ChessOrg"]
[PlyCount "73"]

1. c4 Nf6 2. Nc3 g6 3. g3 Bg7 4. Bg2 O-O 5. Nf3 d6 6. d3 e5 7. O-O Nc6 8. Rb1
Rb8 9. b4 b6 10. Bg5 h6 11. Bd2 Bb7 12. a4 Ne7 13. e4 Nh5 14. Nh4 Qd7 15. Bf3
Nf6 16. Qc1 Kh7 17. Bg2 c6 18. b5 cxb5 19. axb5 Rbc8 20. Qa3 Ba8 21. Ra1 Rc7
22. Ne2 Rfc8 23. Bb4 Ne8 24. Rfd1 g5 25. Nf3 Ng6 26. Nc3 Nf8 27. h4 g4 28. Nd2
Ne6 29. Nd5 Bxd5 30. exd5 Nd4 31. Ne4 Nc2 32. Qb2 Nxb4 33. Qxb4 f5 34. Nd2 Nf6
35. Re1 Nh5 36. Kh2 Qd8 37. Qb1 1/2-1/2

[Event "Bad Breisig op"]
[Site "?"]
[Date "2001.??.??"]
[Round "7"]
[White "Schild, Willi"]
[Black "Karwatzki, Hans-Juergen"]
[Result "1-0"]
[WhiteElo "2237"]
[BlackElo "1557"]
[Annotator "ChessOrg"]
[PlyCount "73"]

1. e4 e5 2. f4 Bc5 3. Nf3 d6 4. Bc4 f5 5. d3 Nc6 6. Nc3 Nf6 7. Qe2 fxe4 8. Nxe4
Bb6 9. fxe5 dxe5 10. Neg5 Rf8 11. c3 Bg4 12. Bb5 h6 13. Qxe5+ Qe7 14. h3 Bd7
15. Qxe7+ Nxe7 16. Bxd7+ Kxd7 17. Ne5+ Kd6 18. Nc4+ Kd7 19. Nf3 Rae8 20. Nxb6+
axb6 21. O-O Ned5 22. Bd2 g5 23. Rae1 Nh5 24. Ne5+ Kc8 25. d4 Ndf4 26. Kh2 Ng7
27. g3 Nfh5 28. Kg2 Rd8 29. Nf7 Rde8 30. Nxh6 Rxf1 31. Rxf1 Re2+ 32. Rf2 Re6
33. Bxg5 Rg6 34. h4 Ne6 35. Nf5 Kd7 36. g4 Nxg5 37. gxh5 1-0

[Event "Bad Breisig op"]
[Site "?"]
[Date "2001.??.??"]
[Round "7"]
[White "Kirchgessner, Hans"]
[Black "Auf'm Wasser, Guenter"]
[Result "1-0"]
[WhiteElo "1801"]
[BlackElo "1693"]
[Annotator "ChessOrg"]
[PlyCount "43"]

1. c4 f5 2. Nc3 Nf6 3. g3 e6 4. Bg2 d5 5. Nf3 c6 6. cxd5 exd5 7. d4 Bd6 8. O-O
O-O 9. Bg5 Qe8 10. Bxf6 Rxf6 11. a3 Nd7 12. b4 f4 13. b5 fxg3 14. hxg3 Bxg3 15.
bxc6 bxc6 16. Qb3 Bd6 17. Nxd5 Qf7 18. Nxf6+ gxf6 19. Qxf7+ Kxf7 20. Nd2 Rb8
21. Bxc6 Rb2 22. Nc4 1-0

[Event "Bad Breisig op"]
[Site "?"]
[Date "2001.??.??"]
[Round "7"]
[White "Meyer, Marco"]
[Black "Reimann, Guenther"]
[Result "1/2-1/2"]
[WhiteElo "1602"]
[BlackElo "1827"]
[Annotator "ChessOrg"]
[PlyCount "120"]

1. e4 e6 2. d3 d5 3. Nd2 Nf6 4. Ngf3 Be7 5. g3 O-O 6. Bg2 c6 7. e5 Ne8 8. O-O
c5 9. Re1 Nc6 10. c3 Bd7 11. Nf1 f5 12. exf6 Bxf6 13. Ne3 Qb6 14. Ng4 Nd8 15.
Qe2 Nf7 16. Nxf6+ gxf6 17. d4 cxd4 18. Nxd4 e5 19. Nf3 Ng7 20. Be3 Qc7 21. Nh4
Bc6 22. Rad1 Rad8 23. Bh3 Nd6 24. Bh6 Qe7 25. f4 Ne4 26. Nf5 Qc5+ 27. Ne3 Rf7
28. Bg2 d4 29. Bxg7 Rxg7 30. fxe5 Nxg3 31. hxg3 Rxg3 32. Kh1 Qxe5 33. cxd4 Rh3+
34. Kg1 Qh2+ 35. Kf1 Qf4+ 36. Kg1 Rg3 37. d5 Bd7 38. Qc4 Rxg2+ 39. Kxg2 Qg5+
40. Kf2 Kh8 41. Rg1 Qe5 42. Qd4 Qd6 43. Rdf1 Bb5 44. Nc4 Bxc4 45. Qxc4 Qe5 46.
Rd1 Qf5+ 47. Ke2 Re8+ 48. Kd2 Rc8 49. Rdf1 Qh3 50. Qd3 Qh2+ 51. Kd1 Qxb2 52.
Qd2 Qb1+ 53. Ke2 Qe4+ 54. Kd1 Qb1+ 55. Ke2 Qe4+ 56. Qe3 Rc2+ 57. Kd1 Qxe3 58.
Kxc2 h5 59. Rd1 Qc5+ 60. Kb2 Qb4+ 1/2-1/2

[Event "Bad Breisig op"]
[Site "?"]
[Date "2001.??.??"]
[Round "7"]
[White "Wempe, Moritz"]
[Black "Schmitz, Karl-Alfred"]
[Result "0-1"]
[WhiteElo "1176"]
[BlackElo "1750"]
[Annotator "ChessOrg"]
[PlyCount "62"]

1. e4 e6 2. Nf3 c5 3. c4 Nc6 4. b3 e5 5. Bb2 d6 6. Nc3 g6 7. Nd5 Bg7 8. d3 Nge7
9. Ne3 O-O 10. Be2 f5 11. Qd2 a6 12. O-O Bh6 13. Rfd1 Nd4 14. Qe1 Nxe2+ 15.
Qxe2 Nc6 16. Nd5 f4 17. Nd2 Ne7 18. Nxe7+ Qxe7 19. f3 Bd7 20. g4 fxg3 21. hxg3
Qg5 22. Qh2 Qe3+ 23. Qf2 Qxd3 24. Nf1 Qxf3 25. Qxf3 Rxf3 26. Rxd6 Bh3 27. Bxe5
Raf8 28. Nh2 Be3+ 29. Kh1 Rf2 30. Rdd1 Bg2+ 31. Kg1 Rd2# 0-1

[Event "Bad Breisig op"]
[Site "?"]
[Date "2001.??.??"]
[Round "8"]
[White "Boidman, Yuri"]
[Black "Wempe, Juergen"]
[Result "1-0"]
[WhiteElo "2434"]
[BlackElo "2177"]
[Annotator "ChessOrg"]
[PlyCount "138"]

1. e4 c5 2. Nf3 Nf6 3. Nc3 Nc6 4. Bb5 e6 5. e5 Nd5 6. Nxd5 exd5 7. O-O Be7 8.
d4 d6 9. exd6 Qxd6 10. c4 O-O 11. dxc5 Qxc5 12. Be3 Qb4 13. Qxd5 Qxb2 14. Bxc6
bxc6 15. Qxc6 Bb7 16. Qd7 Bxf3 17. Qxe7 Be2 18. Rfc1 Bxc4 19. Qh4 Bd3 20. Bd4
Qb4 21. Rd1 Rfe8 22. a3 Qa5 23. Bxg7 Kxg7 24. Qd4+ Qe5 25. Qxd3 Rad8 26. Qc4
Re6 27. g3 Rd2 28. Rab1 Rb6 29. Rxd2 Rxb1+ 30. Kg2 Rg1+ 31. Kxg1 Qe1+ 32. Kg2
Qxd2 33. h4 Qd1 34. Qc3+ Kg8 35. Qe5 Qa4 36. Qg5+ Kf8 37. Qe3 Qc6+ 38. Qf3 Qc4
39. h5 Qa6 40. Qc3 Kg8 41. Qc5 h6 42. Qe3 Kg7 43. g4 Qa4 44. Kg3 Qa5 45. Qd4+
Kg8 46. a4 Qc7+ 47. Qf4 Qc3+ 48. Kh2 Qc5 49. Kg3 Qc3+ 50. Kh4 Qc5 51. Qf6 Qc1
52. Qd8+ Kh7 53. Qd7 Qh1+ 54. Kg3 Qg1+ 55. Kf3 Qh1+ 56. Kf4 Qc1+ 57. Ke5 Kg7
58. Qd4 Qc8 59. Kf4+ Kg8 60. Qxa7 Qc4+ 61. Kg3 Qb3+ 62. f3 Qc3 63. Qb8+ Kg7 64.
Qb1 Qa3 65. Qe4 Qa1 66. Qb4 Qe5+ 67. Kf2 f5 68. Qb7+ Kf6 69. Qb6+ Ke7 1-0

[Event "Bad Breisig op"]
[Site "?"]
[Date "2001.??.??"]
[Round "8"]
[White "Becher, Helmut"]
[Black "Zaschke, Benjamin"]
[Result "1/2-1/2"]
[WhiteElo "2207"]
[BlackElo "2041"]
[Annotator "ChessOrg"]
[PlyCount "21"]

1. e4 c5 2. c3 d5 3. exd5 Qxd5 4. d4 Nf6 5. Nf3 Bg4 6. Be2 e6 7. O-O Nc6 8. Be3
cxd4 9. cxd4 Be7 10. Nc3 Qd8 11. Qb3 1/2-1/2

[Event "Bad Breisig op"]
[Site "?"]
[Date "2001.??.??"]
[Round "8"]
[White "Rehm, Ulrich"]
[Black "Woeltge, Carsten"]
[Result "1/2-1/2"]
[WhiteElo "1992"]
[BlackElo "1933"]
[Annotator "ChessOrg"]
[PlyCount "76"]

1. Nf3 g6 2. e4 Bg7 3. h4 h5 4. d4 d6 5. c3 Nd7 6. Bc4 e6 7. Bg5 Bf6 8. Nbd2 e5
9. dxe5 dxe5 10. Qb3 Qe7 11. Bxf6 Ngxf6 12. Ng5 O-O 13. O-O a6 14. a4 Nc5 15.
Qc2 Ne6 16. Ndf3 Nxg5 17. Nxg5 Nh7 18. Qd2 Nxg5 19. Qxg5 Qxg5 20. hxg5 Be6 21.
Bxe6 fxe6 22. Rfd1 Rad8 23. Kf1 Rd6 24. Rxd6 cxd6 25. Rd1 Rd8 26. Ke2 Kf7 27.
Rd3 Ke7 28. Rf3 Rf8 29. Rxf8 Kxf8 30. Ke3 Ke8 31. f4 exf4+ 32. Kxf4 Kd7 33. e5
d5 34. Ke3 a5 35. Kd4 Kc6 36. g3 b5 37. axb5+ Kxb5 38. b3 Kc6 1/2-1/2

[Event "Bad Breisig op"]
[Site "?"]
[Date "2001.??.??"]
[Round "8"]
[White "Gerndorf, Michael"]
[Black "Gerhards, Walter"]
[Result "1-0"]
[WhiteElo "1976"]
[BlackElo "1834"]
[Annotator "ChessOrg"]
[PlyCount "57"]

1. e4 e6 2. d4 d5 3. Nc3 Bb4 4. e5 c5 5. a3 Bxc3+ 6. bxc3 Ne7 7. Qg4 Nbc6 8.
Qxg7 Rg8 9. Qxh7 cxd4 10. cxd4 Nxd4 11. Qd3 Qa5+ 12. Bd2 Qa4 13. Rc1 Bd7 14.
Nf3 Nec6 15. Nxd4 Nxd4 16. Bb4 Nf5 17. Qb3 Qc6 18. c4 Rg4 19. f3 Rg8 20. g4 Nh4
21. Kf2 b5 22. cxd5 Qxc1 23. dxe6 fxe6 24. Bxb5 Qh6 25. Bxd7+ Kf7 26. Qe3 Qg6
27. Rc1 Kg7 28. Be7 Nf5 29. gxf5 1-0

[Event "Bad Breisig op"]
[Site "?"]
[Date "2001.??.??"]
[Round "8"]
[White "Reinke, Kurt"]
[Black "Weisshaupt, Rainer"]
[Result "0-1"]
[WhiteElo "1828"]
[BlackElo "2183"]
[Annotator "ChessOrg"]
[PlyCount "72"]

1. d4 Nf6 2. Nf3 e6 3. c4 Bb4+ 4. Bd2 a5 5. a3 Bxd2+ 6. Nbxd2 O-O 7. e4 d5 8.
e5 Ne4 9. Bd3 Nxd2 10. Qxd2 dxc4 11. Bxh7+ Kxh7 12. Ng5+ Kg6 13. h4 Rh8 14.
Qc2+ f5 15. exf6+ Kxf6 16. h5 Qe8 17. Ne4+ Kf7 18. g4 b5 19. g5 Bb7 20. h6 Nd7
21. O-O-O Bd5 22. Qe2 gxh6 23. gxh6 Ke7 24. Rdg1 Rg8 25. Qe3 Qf7 26. f3 Raf8
27. Ng5 Qf4 28. Qxf4 Rxf4 29. h7 Rh8 30. Ne4 Bxe4 31. fxe4 Rf7 32. Rh5 c6 33.
d5 Nf6 34. Rh6 Rhxh7 35. Rhg6 cxd5 36. e5 Nd7 0-1

[Event "Bad Breisig op"]
[Site "?"]
[Date "2001.??.??"]
[Round "8"]
[White "Moerger, Karl-Heinz"]
[Black "Kirchgessner, Hans"]
[Result "1/2-1/2"]
[WhiteElo "1790"]
[BlackElo "1801"]
[Annotator "ChessOrg"]
[PlyCount "62"]

1. e4 c6 2. d4 d5 3. Nd2 dxe4 4. Nxe4 Bf5 5. Ng3 Bg6 6. Nf3 Nd7 7. Bd3 e6 8. c3
Qc7 9. Bg5 Ngf6 10. Bxg6 hxg6 11. Qe2 Bd6 12. O-O-O Bf4+ 13. Kb1 O-O-O 14. Ne4
Nxe4 15. Qxe4 Bxg5 16. Nxg5 Nf6 17. Qe2 Rh5 18. h4 Rd7 19. g3 Rh8 20. Rd2 Nh7
21. Nf3 Re7 22. Ne5 Nf6 23. f4 Rhe8 24. c4 Nd7 25. Nf3 Nf6 26. Ne5 Nd7 27. Nd3
Kb8 28. Rhd1 Nf6 29. g4 Rd8 30. Ne5 Nd7 31. Nf3 Qxf4 1/2-1/2

[Event "Bad Breisig op"]
[Site "?"]
[Date "2001.??.??"]
[Round "8"]
[White "Meyer, Lars"]
[Black "Noras, Peter"]
[Result "1-0"]
[WhiteElo "1696"]
[BlackElo "1699"]
[Annotator "ChessOrg"]
[PlyCount "95"]

1. Nf3 g6 2. g3 Bg7 3. Bg2 Nf6 4. O-O O-O 5. d3 Nc6 6. e4 e5 7. Nbd2 d6 8. Re1
Bg4 9. h3 Be6 10. Ng5 Bd7 11. c3 Nh5 12. Nf1 f5 13. Qb3+ Kh8 14. Nf7+ Rxf7 15.
Qxf7 Qc8 16. exf5 Bxf5 17. g4 Be6 18. Qf3 Nf6 19. Ne3 Qg8 20. b3 Rf8 21. Qe2
Qf7 22. Nc4 Nd7 23. f4 Bxc4 24. bxc4 exf4 25. Bd5 Qf6 26. d4 Qh4 27. Bd2 Nxd4
28. cxd4 Bxd4+ 29. Kf1 Qxh3+ 30. Qg2 Qd3+ 31. Qe2 Qg3 32. Qg2 Bxa1 33. Rxa1
Qd3+ 34. Qe2 Qh3+ 35. Bg2 Qh4 36. Bc3+ Ne5 37. Bxe5+ dxe5 38. Qxe5+ Qf6 39.
Qxf6+ Rxf6 40. Bxb7 Kg7 41. Rd1 Rf7 42. c5 c6 43. Bxc6 Rc7 44. Rd7+ Rxd7 45.
Bxd7 Kf8 46. g5 Ke7 47. c6 Kd6 48. Kf2 1-0

[Event "Bad Breisig op"]
[Site "?"]
[Date "2001.??.??"]
[Round "8"]
[White "Schmitz, Karl-Alfred"]
[Black "Noettger, Eckard"]
[Result "0-1"]
[WhiteElo "1750"]
[BlackElo "1780"]
[Annotator "ChessOrg"]
[PlyCount "120"]

1. d4 d5 2. e3 Nf6 3. c4 dxc4 4. Bxc4 e6 5. Nf3 c5 6. O-O Nc6 7. Nc3 a6 8. a4
Be7 9. Qd3 O-O 10. Rd1 Qc7 11. Qe2 Rd8 12. Bd3 cxd4 13. exd4 Nb4 14. Bb1 Bd7
15. Ne5 Bc6 16. Be3 Nbd5 17. Nxc6 Qxc6 18. Ne4 Qd7 19. Nd2 g6 20. Nf3 Rac8 21.
Ne5 Qc7 22. h3 Nd7 23. Nf3 Bf6 24. Be4 Nxe3 25. fxe3 Nb6 26. Rac1 Qd7 27. Bc2
Nxa4 28. Bb3 Nb6 29. Rxc8 Rxc8 30. e4 Rc7 31. e5 Be7 32. Qe3 Nc4 33. Bxc4 Rxc4
34. b3 Rc7 35. h4 Qc6 36. Kh2 Qc2 37. Rd2 Qc3 38. Rd3 Qc1 39. Qxc1 Rxc1 40. g4
Bb4 41. Ng5 Rc2+ 42. Kg3 Rc3 43. Rxc3 Bxc3 44. Nf3 Kf8 45. Kf4 h6 46. Ke4 Ke7
47. g5 h5 48. Kd3 Ba5 49. Kc4 Kd7 50. b4 Bc7 51. Nd2 Kc6 52. Ne4 b5+ 53. Kd3 a5
54. bxa5 Bxa5 55. Nd6 Be1 56. Nxf7 Bxh4 57. Nh8 Bxg5 58. Nxg6 h4 59. Ke2 Kd5
60. Nf8 b4 0-1

[Event "Bad Breisig op"]
[Site "?"]
[Date "2001.??.??"]
[Round "8"]
[White "Reimann, Guenther"]
[Black "Weber, Gerhard"]
[Result "1-0"]
[WhiteElo "1827"]
[BlackElo "2130"]
[Annotator "ChessOrg"]
[PlyCount "101"]

1. d4 Nf6 2. c4 g6 3. Nc3 Bg7 4. e4 d6 5. f4 c5 6. d5 b5 7. Qc2 bxc4 8. Bxc4
O-O 9. Nf3 Ba6 10. Bxa6 Nxa6 11. O-O Qb6 12. Qe2 Rab8 13. e5 Nd7 14. e6 Nf6 15.
exf7+ Rxf7 16. Ng5 Nc7 17. Nxf7 Kxf7 18. f5 Qb4 19. Rf4 Qb6 20. fxg6+ hxg6 21.
Rf3 Kg8 22. Qc2 Ng4 23. h3 Ne5 24. Rg3 Rf8 25. Bg5 Rf7 26. Re1 Rf5 27. Bxe7 c4+
28. Kh1 Nd3 29. Rxg6 Rf2 30. Qd1 Nxe1 31. Qxe1 Qd4 32. Rg4 Rf4 33. Ne2 Qf2 34.
Qxf2 Rxf2 35. Nc3 Ne8 36. Ne4 Rf1+ 37. Kh2 Kf7 38. Bh4 Bxb2 39. Ng5+ Ke7 40.
Rxc4 Be5+ 41. Bg3 Rd1 42. Bxe5 dxe5 43. Ra4 Kf6 44. Ne4+ Kf5 45. Ng3+ Kf6 46.
Rxa7 Rxd5 47. Ra6+ Kg5 48. a4 Kf4 49. Re6 Nd6 50. Rf6+ Kg5 51. Rxd6 1-0

[Event "Bad Breisig op"]
[Site "?"]
[Date "2001.??.??"]
[Round "8"]
[White "Wempe, Moritz"]
[Black "Meyer, Marco"]
[Result "0-1"]
[WhiteElo "1176"]
[BlackElo "1602"]
[Annotator "ChessOrg"]
[PlyCount "52"]

1. e4 e5 2. Nf3 f5 3. exf5 Qf6 4. g4 e4 5. Ng1 Bc5 6. d3 Nc6 7. dxe4 g6 8. Bc4
gxf5 9. exf5 h5 10. gxh5 Bxf2+ 11. Kxf2 Qh4+ 12. Kf1 Qxc4+ 13. Qe2+ Qxe2+ 14.
Kxe2 d5 15. Nc3 Bxf5 16. Nxd5 O-O-O 17. Ne3 Nd4+ 18. Kf2 Be4 19. c3 Rf8+ 20.
Nf3 Nxf3 21. Rd1 Nh6 22. Kg3 Rhg8+ 23. Kh3 Ng5+ 24. Kh4 Nf3+ 25. Kh3 Ng1+ 26.
Kh4 Rf4+ 0-1

[Event "Bad Breisig op"]
[Site "?"]
[Date "2001.??.??"]
[Round "8"]
[White "Auf'm Wasser, Guenter"]
[Black "Karwatzki, Hans-Juergen"]
[Result "1-0"]
[WhiteElo "1693"]
[BlackElo "1557"]
[Annotator "ChessOrg"]
[PlyCount "54"]

1. f4 f5 2. e4 Nf6 3. e5 Nd5 4. Nf3 e6 5. b3 Nc6 6. Bb2 Nxf4 7. g3 Ng6 8. Bg2
b6 9. O-O Bb7 10. Na3 Bxa3 11. Bxa3 Ncxe5 12. Qe2 Bxf3 13. Bxf3 Nxf3+ 14. Rxf3
Qf6 15. Raf1 O-O-O 16. c4 h5 17. c5 h4 18. Qa6+ Kb8 19. Rd3 e5 20. Rd6 Qxd6 21.
cxd6 c6 22. Rxf5 hxg3 23. hxg3 Rh6 24. Rf7 e4 25. Bb2 Rh5 26. Qe2 Rdh8 27. Qxe4
Rh1+ 1-0

[Event "Bad Breisig op"]
[Site "?"]
[Date "2001.??.??"]
[Round "9"]
[White "Weisshaupt, Rainer"]
[Black "Boidman, Yuri"]
[Result "0-1"]
[WhiteElo "2183"]
[BlackElo "2434"]
[Annotator "ChessOrg"]
[PlyCount "60"]

1. Nc3 c5 2. Nf3 Nc6 3. d4 cxd4 4. Nxd4 g6 5. g3 Bg7 6. Nb3 Nf6 7. Bg2 O-O 8.
O-O d6 9. h3 a5 10. Be3 a4 11. Nd4 Nxd4 12. Bxd4 e5 13. Be3 Be6 14. g4 a3 15.
b3 Rc8 16. Nb5 d5 17. c4 dxc4 18. Nxa3 cxb3 19. axb3 Nd5 20. Bd2 e4 21. Bxe4
Bxa1 22. Qxa1 Qf6 23. Qxf6 Nxf6 24. Bxb7 Rb8 25. Bf3 Rxb3 26. Nb1 Bd5 27. Bh6
Bxf3 28. Nd2 Bxe2 29. Re1 Rxh3 30. Bxf8 Bxg4 0-1